Reglamento del Igualatorio Médico de la Mutualidad de Previsión de los Empleados y Obreros de la Casa Provincial de Caridad de Barcelona
Descripción Física:
6 p. ; 15 cm
MARC
| LEADER | 00000nam a2200000Ia 4500 | ||
|---|---|---|---|
| 001 | 11787 | ||
| 003 | AGDB | ||
| 005 | 20260410113654.0 | ||
| 008 | 160829s1943 xx 000 0 cat d | ||
| 080 | |a FU-3-28 | ||
| 110 | 2 | |a Mutualitat de la Unió d'Obrers de la Casa de Caritat (Barcelona, Catalunya) |9 54369 | |
| 245 | |a Reglamento del Igualatorio Médico de la Mutualidad de Previsión de los Empleados y Obreros de la Casa Provincial de Caridad de Barcelona | ||
| 260 | |a Barcelona : |b (Imp. Casa Caritat), |c 1943 | ||
| 300 | |a 6 p. ; |c 15 cm | ||
| 610 | 2 | 0 | |a Mutualitat de la Unió d'Obrers de la Casa de Caritat (Barcelona, Catalunya) |x Estatuts |9 54380 |
| 650 | 0 | |9 55572 |a Mutualitats |z Catalunya |x Estatuts | |
| 710 | |a Casa de Caritat (Barcelona, Catalunya) |9 52406 | ||
| 856 | 4 | |u https://media.diba.cat/diba/fitxers/arxiu/fulletons/bib_11787_baixa.pdf |y Accés lliure | |
| 856 | 4 | |u https://media.diba.cat/diba/fitxers/arxiu/fulletons/bib_11787_baixa.pdf |y Accés lliure | |
| 900 | |a bib_11787_baixa.pdf | ||
| 901 | |a Arxiu | ||
| 942 | |n 1 |2 udc |c ARXIU | ||
| 952 | |0 0 |1 0 |4 0 |6 FU328 |7 1 |9 41714 |a Arxiu |b Arxiu |d 2016-12-01 |l 0 |o FU-3-28 |p 11787 |r 2016-12-01 00:00:00 |w 2016-12-01 |y ARXIU | ||
| 999 | |c 43604 |d 43604 | ||